[Event "Erfurt Schachfestival"]
[Site "Erfurt GER"]
[Date "2012.12.26"]
[Round "1"]
[White "Hambleton, Aman"]
[Black "Klippel, Jan"]
[Result "1/2-1/2"]
[WhiteElo "2422"]
[BlackElo "2025"]
[PlyCount "135"]
[EventDate "2012.12.27"]
[EventType "swiss"]
[EventRounds "8"]
[EventCountry "GER"]

1. d4 d5 2. c4 c6 3. Nc3 Nf6 4. e3 a6 5. Nf3 Bf5 6. cxd5 cxd5 7. Qb3 b5 8. a4
b4 9. Qxb4 Nc6 10. Qc5 Na5 11. Bxa6 Rxa6 12. Qb5+ Rc6 13. Ne5 Bd7 14. Nxd7 Kxd7
15. Nxd5 Nxd5 16. Qxd5+ Ke8 17. Qa2 e6 18. Bd2 Qb6 19. O-O Bb4 20. d5 exd5 21.
Bxb4 Qxb4 22. Qxd5 Ke7 23. Qg5+ Rf6 24. Qe5+ Kf8 25. Rac1 Nc6 26. Qc7 Qe4 27.
Rfd1 g6 28. Rd6 Rxd6 29. Qxd6+ Ne7 30. Qf6 Rg8 31. Rd1 Ke8 32. Qd6 f5 33. f3
Qxa4 34. Rd4 Qa1+ 35. Rd1 Qxb2 36. Qe6 Qb7 37. Rd6 Qb1+ 38. Kf2 Qb7 39. Rb6 Qc7
40. Qb3 Kf8 41. Rf6+ Ke8 42. Qf7+ Kd7 43. Qe6+ Kd8 44. Rf7 Re8 45. Rxh7 Qc6 46.
Qb3 Qd5 47. Qc3 Kd7 48. Rh4 Rc8 49. Qb2 Rc4 50. Rxc4 Qxc4 51. Qe5 Qd5 52. Qc3
Ke6 53. h3 Nc6 54. Qg7 Qd2+ 55. Kg3 Qe1+ 56. Kh2 Ne7 57. Qd4 Qa5 58. Kg1 Nd5
59. e4 Nf6 60. exf5+ gxf5 61. g4 Qe1+ 62. Kg2 Qe2+ 63. Kg3 Qe1+ 64. Kg2 Qe2+
65. Kg3 fxg4 66. hxg4 Qe1+ 67. Kg2 Qe2+ 68. Kg3 1/2-1/2

[Event "Erfurt Schachfestival"]
[Site "Erfurt GER"]
[Date "2012.12.27"]
[Round "2"]
[White "Spitzl, Philipp"]
[Black "Hambleton, Aman"]
[Result "0-1"]
[WhiteElo "2080"]
[BlackElo "2422"]
[PlyCount "60"]
[EventDate "2012.12.27"]
[EventType "swiss"]
[EventRounds "8"]
[EventCountry "GER"]

1. c4 c5 2. Nc3 b6 3. Nf3 Bb7 4. d4 cxd4 5. Nxd4 Nf6 6. Bg5 d6 7. f3 e6 8. e4
a6 9. Be2 Be7 10. O-O Nbd7 11. Rc1 Rc8 12. b3 O-O 13. Qe1 Qc7 14. Be3 Rfe8 15.
Qf2 Qb8 16. Rfd1 Bd8 17. Bf1 Bc7 18. g3 Ba8 19. Bg2 Nc5 20. Qe2 h5 21. b4 Ncd7
22. Nb3 d5 23. c5 h4 24. f4 hxg3 25. hxg3 e5 26. fxe5 Nxe5 27. cxb6 Bxb6 28.
Nc5 dxe4 29. N3a4 Nf3+ 30. Kh1 Qxg3 0-1

[Event "Erfurt Schachfestival"]
[Site "Erfurt GER"]
[Date "2012.12.27"]
[Round "3"]
[White "Hambleton, Aman"]
[Black "Pitschka, Claus"]
[Result "1-0"]
[WhiteElo "2422"]
[BlackElo "2196"]
[PlyCount "67"]
[EventDate "2012.12.27"]
[EventType "swiss"]
[EventRounds "8"]
[EventCountry "GER"]

1. d4 d5 2. c4 c6 3. Nc3 Nf6 4. e3 a6 5. Nf3 b5 6. b3 Bg4 7. h3 Bxf3 8. gxf3 e6
9. f4 Bd6 10. c5 Be7 11. Bd3 Nbd7 12. Qc2 g6 13. Bd2 Nh5 14. Ne2 a5 15. a4 b4
16. O-O-O Ng7 17. Kb1 Nf5 18. Ng1 Qc7 19. Nf3 O-O-O 20. Bc1 Nh4 21. Ne5 Rdf8
22. Qe2 f6 23. Nxd7 Kxd7 24. e4 dxe4 25. Qxe4 f5 26. Qe2 Bf6 27. Bc4 Re8 28.
Rhe1 Kc8 29. Bxe6+ Kb8 30. d5 Bc3 31. dxc6 Qxc6 32. Rd6 Qxc5 33. Be3 Qxd6 34.
Qb5+ 1-0

[Event "Erfurt Schachfestival"]
[Site "Erfurt GER"]
[Date "2012.12.28"]
[Round "4"]
[White "Krklec, Daniel"]
[Black "Hambleton, Aman"]
[Result "0-1"]
[WhiteElo "2265"]
[BlackElo "2422"]
[PlyCount "58"]
[EventDate "2012.12.27"]
[EventType "swiss"]
[EventRounds "8"]
[EventCountry "GER"]

1. d4 e6 2. c4 Nf6 3. g3 d5 4. Bg2 Bb4+ 5. Nd2 O-O 6. Ngf3 dxc4 7. Qc2 a5 8.
O-O b5 9. a4 c6 10. e4 Nbd7 11. e5 Nd5 12. Ne4 Re8 13. Neg5 Nf8 14. Nh4 Be7 15.
f4 Qb6 16. Qf2 b4 17. f5 Bxg5 18. Bxg5 exf5 19. g4 Ne6 20. Nxf5 Nxg5 21. h4
Bxf5 22. gxf5 Ne6 23. fxe6 fxe6 24. Bxd5 cxd5 25. Qf7+ Kh8 26. Rf4 Qa7 27. Qh5
Rf8 28. Raf1 Rxf4 29. Rxf4 Kg8 0-1

[Event "Erfurt Schachfestival"]
[Site "Erfurt GER"]
[Date "2012.12.28"]
[Round "5"]
[White "Hambleton, Aman"]
[Black "Ruediger, Seger"]
[Result "0-1"]
[WhiteElo "2422"]
[BlackElo "2390"]
[PlyCount "102"]
[EventDate "2012.12.27"]
[EventType "swiss"]
[EventRounds "8"]
[EventCountry "GER"]

1. d4 Nf6 2. c4 g6 3. Nc3 d5 4. cxd5 Nxd5 5. Bd2 Bg7 6. e4 Nxc3 7. Bxc3 c5 8.
d5 O-O 9. Bc4 e6 10. Ne2 exd5 11. Bxd5 Nd7 12. Bxg7 Kxg7 13. h4 Nf6 14. h5 Nxd5
15. exd5 Qg5 16. Kf1 Rd8 17. Qb3 Qxd5 18. Qc3+ f6 19. Re1 Re8 20. hxg6 hxg6 21.
Nf4 Rxe1+ 22. Qxe1 Qe5 23. Qd2 Bf5 24. f3 Qd4 25. Qxd4 cxd4 26. g4 Bd7 27. Rh2
Re8 28. Rd2 Bc6 29. Rxd4 Bxf3 30. Kf2 Bc6 31. Ne2 Kh6 32. Nc3 Kg5 33. Rc4 Re5
34. b4 a6 35. a3 Re7 36. a4 Re5 37. Rd4 f5 38. gxf5 Rxf5+ 39. Ke3 Rf3+ 40. Kd2
Rf4 41. Rxf4 Kxf4 42. b5 axb5 43. axb5 Bf3 44. Na4 g5 45. Ke1 Kg3 46. Nc5 g4
47. Ne6 Bd5 48. Nd4 Kh2 49. b6 g3 50. Ne2 g2 51. Kf2 Bf7 0-1

[Event "Erfurt Schachfestival"]
[Site "Erfurt GER"]
[Date "2012.12.29"]
[Round "6"]
[White "Ruediger, Kuersten"]
[Black "Hambleton, Aman"]
[Result "0-1"]
[WhiteElo "2159"]
[BlackElo "2422"]
[PlyCount "106"]
[EventDate "2012.12.27"]
[EventType "swiss"]
[EventRounds "8"]
[EventCountry "GER"]

1. Nf3 Nf6 2. g3 b6 3. Bg2 Bb7 4. O-O e6 5. c4 c5 6. Nc3 a6 7. e3 Be7 8. d4 Qc7
9. d5 exd5 10. Nxd5 Nxd5 11. cxd5 d6 12. e4 O-O 13. Bf4 Bf6 14. e5 dxe5 15.
Nxe5 Bxe5 16. d6 Qd7 17. Bxe5 Bxg2 18. Kxg2 Nc6 19. Qh5 g6 20. Qg5 Nxe5 21.
Qxe5 Rfe8 22. Qf4 Re6 23. Rfe1 Rxd6 24. Re2 Rd4 25. Qf3 Rd8 26. Rae1 Qd5 27.
Re7 Qxf3+ 28. Kxf3 R8d6 29. R1e2 Rd2 30. Ra7 a5 31. Re8+ Kg7 32. g4 Rf6+ 33.
Kg3 Rfxf2 34. Rb8 Rg2+ 35. Kf3 Rdf2+ 36. Ke3 Rxb2 37. Rbb7 Rbe2+ 38. Kd3 Ref2
39. Rxb6 Rxa2 40. Rbb7 Ra3+ 41. Kc4 Rxg4+ 42. Kxc5 Rf3 43. Rb2 a4 44. Ra2 Rf5+
45. Kd6 Rff4 46. Ke5 Rd4 47. Re2 Rgf4 48. h3 g5 49. Rg2 Kg6 50. Ra6+ f6+ 51.
Rxf6+ Rxf6 52. Kxd4 a3 53. Kc4 Ra6 0-1

[Event "Erfurt Schachfestival"]
[Site "Erfurt GER"]
[Date "2012.12.29"]
[Round "7"]
[White "Hambleton, Aman"]
[Black "Michna, Christian"]
[Result "1/2-1/2"]
[WhiteElo "2422"]
[BlackElo "2279"]
[PlyCount "68"]
[EventDate "2012.12.27"]
[EventType "swiss"]
[EventRounds "8"]
[EventCountry "GER"]

1. d4 Nf6 2. c4 g6 3. Nc3 Bg7 4. e4 d6 5. f3 O-O 6. Be3 a6 7. Nge2 Nbd7 8. Qd2
c6 9. c5 b5 10. cxd6 exd6 11. Nf4 Nb6 12. b3 Re8 13. Be2 d5 14. e5 Nfd7 15. Nd3
c5 16. dxc5 Nxe5 17. Nxe5 Bxe5 18. cxb6 d4 19. O-O-O Qd6 20. Kb1 dxc3 21. Qxd6
Bxd6 22. Rxd6 Rxe3 23. Bd3 Rxd3 24. Rxd3 Bf5 25. Rhd1 b4 26. Kc1 Bxd3 27. Rxd3
Rb8 28. Rd6 Kf8 29. Kc2 Ke7 30. Rc6 Rb7 31. a3 Kd7 32. Rc4 bxa3 33. Ra4 Rxb6
34. Kxc3 Rc6+ 1/2-1/2

[Event "Erfurt Schachfestival"]
[Site "Erfurt GER"]
[Date "2012.12.30"]
[Round "8"]
[White "Skibbe, Willi"]
[Black "Hambleton, Aman"]
[Result "0-1"]
[WhiteElo "2251"]
[BlackElo "2404"]
[PlyCount "74"]
[EventDate "2012.12.27"]
[EventType "swiss"]
[EventRounds "8"]
[EventCountry "GER"]

1. c4 c5 2. g3 Nf6 3. Bg2 e6 4. Nf3 Qc7 5. Nc3 a6 6. O-O d6 7. b3 b6 8. e4 Bb7
9. Re1 Nbd7 10. Bb2 Be7 11. d4 cxd4 12. Nxd4 O-O 13. Rc1 Rac8 14. f4 Rfe8 15.
g4 g6 16. g5 Nh5 17. Nde2 b5 18. cxb5 Qb6+ 19. Kh1 axb5 20. Qd2 b4 21. Na4 Qf2
22. Rf1 Rxc1 23. Bxc1 Qh4 24. Qxb4 Ba6 25. Qe1 Qxe1 26. Rxe1 Rc8 27. Ng3 Rc2
28. Nxh5 gxh5 29. a3 h4 30. b4 h6 31. Bf1 Bxf1 32. Rxf1 hxg5 33. fxg5 h3 34.
Nb2 Ne5 35. Kg1 Bd8 36. Na4 Rg2+ 37. Kh1 Ng4 0-1

[Event "Panama op"]
[Site "Panama PAN"]
[Date "2012.11.27"]
[Round "1"]
[White "Hambleton, Aman"]
[Black "Quiroz, Michael"]
[Result "1-0"]
[WhiteElo "2404"]
[BlackElo "1938"]
[PlyCount "111"]
[EventDate "2012.11.27"]
[EventType "swiss"]
[EventRounds "9"]
[EventCountry "PAN"]

1. d4 Nf6 2. c4 e6 3. Nc3 Bb4 4. Qc2 O-O 5. a3 Bxc3+ 6. Qxc3 Ne4 7. Qc2 d5 8.
e3 f5 9. Ne2 Nd7 10. f3 Nd6 11. cxd5 exd5 12. Nf4 Nf6 13. Bd2 Re8 14. Be2 Kh8
15. b3 Bd7 16. a4 c6 17. h4 Re7 18. Bd3 a5 19. Kf2 Qc7 20. h5 Rae8 21. Rh3
Nde4+ 22. fxe4 fxe4 23. Be2 Bxh3 24. gxh3 Rf7 25. Kg2 g5 26. hxg6 Rg8 27. Be1
hxg6 28. Bg3 Qe7 29. Rf1 Nh5 30. Bh2 Qg5+ 31. Bg4 Nf6 32. Ne6 Nxg4 33. Nxg5
Nxe3+ 34. Kg3 Rxf1 35. Qe2 Nf5+ 36. Kg2 Rf8 37. Be5+ Kg8 38. Ne6 Rf7 39. Ng5
Nh4+ 40. Kg3 Nf5+ 41. Kh2 Nh4 42. Nxf7 Nf3+ 43. Kg3 Rg1+ 44. Kf2 Kxf7 45. Qxf3+
exf3 46. Kxg1 Ke6 47. Kf2 c5 48. Kxf3 c4 49. bxc4 dxc4 50. Ke4 b5 51. axb5 a4
52. d5+ Kd7 53. b6 Kc8 54. d6 a3 55. d7+ Kxd7 56. b7 1-0

[Event "Panama op"]
[Site "Panama PAN"]
[Date "2012.11.28"]
[Round "2"]
[White "Fabrega, Enrique"]
[Black "Hambleton, Aman"]
[Result "0-1"]
[WhiteElo "2172"]
[BlackElo "2404"]
[PlyCount "110"]
[EventDate "2012.11.27"]
[EventType "swiss"]
[EventRounds "9"]
[EventCountry "PAN"]

1. c4 c5 2. Nc3 b6 3. d3 Bb7 4. e4 e6 5. g3 Nf6 6. Bg2 Be7 7. Nge2 d6 8. O-O
Nc6 9. a3 O-O 10. Rb1 Nd7 11. h3 Bf6 12. Kh2 Rc8 13. Be3 Ba8 14. b3 a6 15. d4
cxd4 16. Nxd4 Nxd4 17. Bxd4 Qc7 18. a4 Rfd8 19. Bxf6 Nxf6 20. Qd4 Nd7 21. Rfd1
Nc5 22. Qe3 Bc6 23. h4 a5 24. h5 h6 25. f4 Qe7 26. Bh3 Re8 27. g4 e5 28. f5
Rcd8 29. Rg1 Qg5 30. Qxg5 hxg5 31. Bg2 Kf8 32. Kg3 Ke7 33. Rgd1 Kd7 34. Rd2 Kc7
35. Rdd1 Rh8 36. Rd2 Rh6 37. Bf3 Rdh8 38. Rdd1 g6 39. Rd2 Rg8 40. hxg6 fxg6 41.
Rh2 Rxh2 42. Kxh2 gxf5 43. gxf5 g4 44. Bg2 g3+ 45. Kg1 Nd3 46. Rf1 Nf4 47. Rf3
Kd7 48. Re3 Rg4 49. Ne2 Nxg2 50. Kxg2 Bxe4+ 51. Kg1 g2 52. Ng3 Bc6 53. Kf2 Rf4+
54. Kg1 Rh4 55. Kf2 Rh1 0-1

[Event "Panama op"]
[Site "Panama PAN"]
[Date "2012.11.29"]
[Round "3"]
[White "Hambleton, Aman"]
[Black "Casellas Alarcon, Rolando"]
[Result "0-1"]
[WhiteElo "2404"]
[BlackElo "2484"]
[PlyCount "80"]
[EventDate "2012.11.27"]
[EventType "swiss"]
[EventRounds "9"]
[EventCountry "PAN"]

1. d4 Nf6 2. c4 e6 3. Nc3 Bb4 4. Qc2 O-O 5. a3 Bxc3+ 6. Qxc3 b5 7. cxb5 c6 8.
f3 Nd5 9. Qd3 f5 10. e4 Nc7 11. Nh3 Nxb5 12. a4 fxe4 13. fxe4 Nd6 14. Nf2 Qf6
15. Qe3 Qg6 16. Bd2 a5 17. b3 Bb7 18. h4 c5 19. dxc5 Nxe4 20. Nxe4 Qxe4 21. Bc4
Qxe3+ 22. Bxe3 Bxg2 23. Rg1 Bf3 24. Bd4 g6 25. Be5 Nc6 26. Bd6 Rf5 27. Rg5 Rxg5
28. hxg5 Bd5 29. Bxd5 exd5 30. Kd2 Nd4 31. Kd3 Ne6 32. b4 axb4 33. a5 Ra6 34.
Rb1 Rxa5 35. Rxb4 Nxc5+ 36. Ke3 Ne6 37. Rb7 d4+ 38. Ke4 d3 39. Rxd7 d2 40. Be7
Ra7 0-1

[Event "Panama op"]
[Site "Panama PAN"]
[Date "2012.11.29"]
[Round "4"]
[White "Arribas, Maritza"]
[Black "Hambleton, Aman"]
[Result "0-1"]
[WhiteElo "2273"]
[BlackElo "2404"]
[PlyCount "76"]
[EventDate "2012.11.27"]
[EventType "swiss"]
[EventRounds "9"]
[EventCountry "PAN"]

1. e4 b6 2. Nf3 Bb7 3. Nc3 e6 4. d4 Bb4 5. Bd3 Nf6 6. e5 Ne4 7. Bxe4 Bxe4 8.
O-O Bb7 9. Re1 h6 10. Bf4 Nc6 11. a3 Bxc3 12. bxc3 Ba6 13. Nd2 Qe7 14. Qf3
O-O-O 15. c4 g5 16. Be3 Bb7 17. Qe2 f5 18. exf6 Qxf6 19. c3 Qf5 20. c5 g4 21.
cxb6 axb6 22. a4 h5 23. Qb5 Rdf8 24. Reb1 h4 25. Qxf5 Rxf5 26. Rb5 Rhh5 27.
Rxf5 Rxf5 28. Nb3 h3 29. gxh3 gxh3 30. f4 Ne7 31. Bd2 Nd5 32. Rf1 Rf8 33. Rf3
Rg8+ 34. Rg3 Rxg3+ 35. hxg3 Nf6 36. Kh2 Bg2 37. g4 Nxg4+ 38. Kg3 Bf1 0-1

[Event "Panama op"]
[Site "Panama PAN"]
[Date "2012.11.30"]
[Round "5"]
[White "Hambleton, Aman"]
[Black "Arencibia, Walter"]
[Result "1-0"]
[WhiteElo "2404"]
[BlackElo "2526"]
[PlyCount "59"]
[EventDate "2012.11.27"]
[EventType "swiss"]
[EventRounds "9"]
[EventCountry "PAN"]

1. d4 Nf6 2. c4 e6 3. Nc3 Bb4 4. Qc2 d5 5. a3 Bxc3+ 6. Qxc3 O-O 7. Bg5 dxc4 8.
Qxc4 b6 9. Rd1 Ba6 10. Qa4 h6 11. Bh4 Qe7 12. Nf3 Rc8 13. e3 Bxf1 14. Rxf1 c5
15. dxc5 bxc5 16. Ne5 g5 17. Bg3 Qb7 18. f4 Nd5 19. fxg5 Nxe3 20. Rxf7 Qxg2 21.
gxh6 Nc2+ 22. Qxc2 Qxc2 23. Rg7+ Kf8 24. Ng6+ Qxg6 25. Rxg6 Kf7 26. Rg7+ Kf6
27. Ke2 e5 28. Rd6+ Kf5 29. Ke3 Rc6 30. h7 1-0

[Event "Panama op"]
[Site "Panama PAN"]
[Date "2012.11.30"]
[Round "6"]
[White "Gomez Garrido, Camilo Ernesto"]
[Black "Hambleton, Aman"]
[Result "1/2-1/2"]
[WhiteElo "2510"]
[BlackElo "2404"]
[PlyCount "104"]
[EventDate "2012.11.27"]
[EventType "swiss"]
[EventRounds "9"]
[EventCountry "PAN"]

1. e4 e6 2. d4 d5 3. Nd2 h6 4. Bd3 c5 5. dxc5 Bxc5 6. Ngf3 Nc6 7. O-O Nge7 8.
c3 O-O 9. Qe2 Ng6 10. Nb3 Bb6 11. Be3 Bc7 12. Rad1 Qf6 13. Rfe1 Nce5 14. Nxe5
Qxe5 15. g3 dxe4 16. Bc2 Bb6 17. Bxb6 axb6 18. Bxe4 Rxa2 19. Nc1 Ra5 20. Bxg6
Qxe2 21. Bxf7+ Kxf7 22. Rxe2 e5 23. Kg2 Be6 24. f3 Ke7 25. Rdd2 g5 26. Nd3 Rd8
27. Nf2 Rxd2 28. Rxd2 Bf5 29. g4 Bg6 30. h3 Ra1 31. Rd5 Ra5 32. Rd2 Ra1 33. Nh1
Rb1 34. Ng3 Ke6 35. Kf2 Bh7 36. Ke3 Re1+ 37. Ne2 Rh1 38. Rd8 Rxh3 39. Rb8 h5
40. Rxb7 hxg4 41. Ng1 Rh1 42. Kf2 gxf3 43. Nxf3 Be4 44. Nxg5+ Kf5 45. Nxe4 Kxe4
46. Rxb6 Rh2+ 47. Kg3 Rc2 48. Rb5 Kd3 49. Kg4 Rf2 50. Kg3 Rc2 51. Rd5+ Kc4 52.
Rxe5 Rxb2 1/2-1/2

[Event "Panama op"]
[Site "Panama PAN"]
[Date "2012.12.01"]
[Round "7"]
[White "Hambleton, Aman"]
[Black "Quesada Perez, Yuniesky"]
[Result "1-0"]
[WhiteElo "2404"]
[BlackElo "2604"]
[PlyCount "161"]
[EventDate "2012.11.27"]
[EventType "swiss"]
[EventRounds "9"]
[EventCountry "PAN"]

1. d4 f5 2. Nc3 Nf6 3. Bg5 d5 4. Bxf6 exf6 5. e3 c6 6. Bd3 Be6 7. Nge2 g6 8. h4
h5 9. Nf4 Bf7 10. Qd2 Bd6 11. O-O Nd7 12. Nce2 Nb6 13. b3 Rg8 14. a4 a6 15.
Rfc1 Nc8 16. c4 Ne7 17. b4 g5 18. Nh3 Qd7 19. c5 Bc7 20. Kf1 f4 21. exf4 gxh4
22. Neg1 Be6 23. Re1 Kf7 24. Ra3 Bg4 25. Bc2 Nf5 26. Nf3 a5 27. Bxf5 Bxf5 28.
Nxh4 Rae8 29. Nxf5 Qxf5 30. bxa5 Rxe1+ 31. Qxe1 Qe4 32. Qxe4 dxe4 33. f5 Rd8
34. Rb3 Bxa5 35. Rxb7+ Ke8 36. Ke2 Rxd4 37. Nf4 Rxa4 38. Nxh5 Bc3 39. Ng7+ Kf8
40. Ne6+ Ke8 41. Ke3 Be5 42. Rg7 Bb2 43. Rg4 Bc1+ 44. Ke2 Kd7 45. Kd1 Bb2 46.
Kc2 Be5 47. Kb3 e3 48. Rg7+ Kc8 49. fxe3 Re4 50. g4 Rxe3+ 51. Ka4 Re1 52. Ka5
Rb1 53. Ka6 Rb4 54. Rg8+ Kd7 55. Rd8+ Ke7 56. Rd3 Rb8 57. Ka7 Rb5 58. Ra3 Kd7
59. Ra6 Bc7 60. Ra3 Be5 61. Rd3+ Ke7 62. Ka6 Rb8 63. Re3 Bb2 64. Nf4+ Kd7 65.
Re6 Be5 66. Ng6 Bc7 67. Rxf6 Rb5 68. Rf7+ Kd8 69. Nf8 Kc8 70. Rxc7+ Kxc7 71. g5
Kd8 72. f6 Ke8 73. Ne6 Kf7 74. Nd8+ Kg6 75. f7 Kg7 76. g6 Rxc5 77. Ne6+ Kxg6
78. f8=Q Re5 79. Qg7+ Kf5 80. Nd4+ Ke4 81. Nxc6 1-0

[Event "Panama op"]
[Site "Panama PAN"]
[Date "2012.12.01"]
[Round "8"]
[White "Cordova, Emilio"]
[Black "Hambleton, Aman"]
[Result "1-0"]
[WhiteElo "2568"]
[BlackElo "2404"]
[PlyCount "133"]
[EventDate "2012.11.27"]
[EventType "swiss"]
[EventRounds "9"]
[EventCountry "PAN"]

1. d4 e6 2. Nf3 Nf6 3. Bg5 Be7 4. e3 b6 5. Bd3 Bb7 6. Nbd2 c5 7. c3 O-O 8. h4
h6 9. Rh3 cxd4 10. exd4 Ng4 11. Bxe7 Qxe7 12. Qe2 Nc6 13. O-O-O f5 14. h5 Qd6
15. Kb1 Qc7 16. Nh4 Ne7 17. f3 Nf6 18. g4 Nfd5 19. gxf5 Nf4 20. Qh2 Rac8 21.
Bc2 Nxh3 22. Qxh3 Nxf5 23. Bxf5 exf5 24. Nxf5 Kh7 25. Qg4 d5 26. Rg1 Rf6 27.
Re1 Qd7 28. Nxh6 Rd8 29. Qxd7 Rxd7 30. Ng4 Rf5 31. h6 gxh6 32. Re6 Kg7 33. Rxh6
Re7 34. Rh2 Re1+ 35. Kc2 Rg5 36. Ne5 Bc8 37. f4 Rg3 38. Kb3 Rc1 39. Nc6 a5 40.
Rf2 Bf5 41. Nf3 Kf6 42. Nfe5 Ke6 43. Ka4 Ra1 44. a3 Rb1 45. Rh2 Kd6 46. Kb3 Be4
47. Ka4 Ke6 48. Rh6+ Kf5 49. Ne7+ Kxf4 50. Rf6+ Kg5 51. Rxb6 Kf4 52. Kxa5 Rg2
53. Rb5 Ke3 54. Nxd5+ Kd2 55. Nb6 Kc2 56. Nbc4 Rg7 57. a4 Rh1 58. Na3+ Kc1 59.
b3 Kb2 60. Kb4 Ka2 61. Nec4 Rh3 62. Rb8 Rc7 63. Nb5 Re7 64. Rf8 Rh2 65. Na5 Kb2
66. c4 Rd7 67. d5 1-0

[Event "Panama op"]
[Site "Panama PAN"]
[Date "2012.12.02"]
[Round "9"]
[White "Hambleton, Aman"]
[Black "Fernandez Cardoso, Alexey"]
[Result "1/2-1/2"]
[WhiteElo "2404"]
[BlackElo "2447"]
[PlyCount "114"]
[EventDate "2012.11.27"]
[EventType "swiss"]
[EventRounds "9"]
[EventCountry "PAN"]

1. d4 d5 2. c4 c6 3. Nf3 Nf6 4. Nc3 e6 5. e3 Nbd7 6. Qc2 Bd6 7. e4 Nxe4 8. Nxe4
dxe4 9. Qxe4 c5 10. Bg5 Be7 11. Bxe7 Qa5+ 12. Ke2 Kxe7 13. g3 Nf6 14. Qe5 Bd7
15. Bg2 Rac8 16. Rhd1 Rhd8 17. b3 Qc7 18. Qxc7 Rxc7 19. Ne5 Be8 20. dxc5 Rxc5
21. f4 Rc7 22. Rxd8 Kxd8 23. Ke3 Ke7 24. Bf3 Nd7 25. Nd3 b6 26. Rc1 a5 27. a3
Nc5 28. b4 Nxd3 29. Kxd3 axb4 30. axb4 Ra7 31. Rc3 Ra2 32. c5 bxc5 33. bxc5
Rxh2 34. c6 Rh3 35. c7 Bd7 36. c8=Q Bxc8 37. Rxc8 Rxg3 38. Ke4 h6 39. Be2 f5+
40. Kd4 g5 41. Bh5 gxf4 42. Ke5 Re3+ 43. Kxf4 Re4+ 44. Kg3 Kf6 45. Rg8 Re3+ 46.
Kg2 Ke5 47. Rg6 Kf4 48. Rxh6 e5 49. Bd1 Rd3 50. Be2 Rd2 51. Kf2 e4 52. Re6 Ra2
53. Re8 Ra7 54. Rh8 Ra1 55. Rh4+ Ke5 56. Rh5 Kf4 57. Rh4+ Ke5 1/2-1/2

[Event "Abierto Int. UNAM"]
[Site "Mexico MEX"]
[Date "2012.11.21"]
[Round "1"]
[White "Lopez Raygoza, Luis Albert"]
[Black "Hambleton, Aman"]
[Result "0-1"]
[WhiteElo "2000"]
[BlackElo "2404"]
[PlyCount "84"]
[EventDate "2012.11.21"]
[EventType "swiss"]
[EventRounds "9"]
[EventCountry "MEX"]

1. e4 e6 2. d4 d5 3. Nc3 Bb4 4. e5 Ne7 5. a3 Bxc3+ 6. bxc3 b6 7. Qg4 Ng6 8. h4
h5 9. Qg3 Ba6 10. Bxa6 Nxa6 11. Ne2 Qd7 12. a4 Nb8 13. Nf4 Nxf4 14. Bxf4 f6 15.
exf6 gxf6 16. c4 Kf7 17. Qf3 Nc6 18. Be5 Rh6 19. Rd1 Ne7 20. Bf4 Rhh8 21. cxd5
Qxd5 22. Qxd5 Nxd5 23. Bd2 Rhg8 24. g3 Rg4 25. c4 Re4+ 26. Kf1 Ne7 27. Bf4 Rd8
28. Bxc7 Rdxd4 29. Kg2 e5 30. a5 bxa5 31. Bxa5 Nc6 32. Bd2 Rxc4 33. Be3 Ke6 34.
Ra1 a5 35. Rhb1 Rb4 36. Rc1 Rec4 37. Bd2 Rxc1 38. Rxc1 Rb6 39. Ra1 Ra6 40. Ra4
Kd5 41. g4 hxg4 42. h5 f5 0-1

[Event "Abierto Int. UNAM"]
[Site "Mexico MEX"]
[Date "2012.11.22"]
[Round "2"]
[White "Hambleton, Aman"]
[Black "Omar Garduno, Vidal"]
[Result "1-0"]
[WhiteElo "2404"]
[BlackElo "2098"]
[PlyCount "101"]
[EventDate "2012.11.21"]
[EventType "swiss"]
[EventRounds "9"]
[EventCountry "MEX"]

1. d4 d5 2. c4 e6 3. Nc3 Nf6 4. cxd5 exd5 5. Bg5 Be7 6. e3 c6 7. Bd3 O-O 8.
Nge2 Nbd7 9. O-O Re8 10. f3 Nf8 11. Bh4 Be6 12. Qc2 Rc8 13. Bf2 c5 14. dxc5
Bxc5 15. Nd4 a6 16. Rfe1 b5 17. a3 Qb6 18. Rad1 Bd6 19. Qd2 Qc7 20. h3 Qb7 21.
Nxe6 fxe6 22. e4 b4 23. axb4 Bxb4 24. Qe2 Bxc3 25. bxc3 Rxc3 26. Bd4 Ra3 27.
Bxf6 gxf6 28. exd5 Kh8 29. Kh1 Qxd5 30. Bg6 Qc6 31. Bxe8 Qxe8 32. Qb2 Qe7 33.
Ra1 Rxa1 34. Rxa1 Kg7 35. Rxa6 e5 36. Qb6 Kg6 37. Ra7 Qe8 38. Qb7 Kg5 39. Qg7+
Ng6 40. Qxh7 e4 41. h4+ Nxh4 42. f4+ Kxf4 43. Qxh4+ Ke5 44. Ra5+ Kd4 45. Qxf6+
Kc4 46. Qf1+ Kb4 47. Qa1 Kc4 48. Qc1+ Kd3 49. Rd5+ Ke2 50. Qd2+ Kf1 51. Rf5#
1-0

[Event "Abierto Int. UNAM"]
[Site "Mexico MEX"]
[Date "2012.11.22"]
[Round "3"]
[White "Hambleton, Aman"]
[Black "Macieja, Bartlomiej"]
[Result "1/2-1/2"]
[WhiteElo "2404"]
[BlackElo "2609"]
[PlyCount "53"]
[EventDate "2012.11.21"]
[EventType "swiss"]
[EventRounds "9"]
[EventCountry "MEX"]

1. d4 e6 2. c4 b6 3. Nc3 Bb4 4. Qc2 Bb7 5. a3 Bxc3+ 6. Qxc3 f5 7. Nf3 Nf6 8. g3
c5 9. dxc5 bxc5 10. Bg2 O-O 11. O-O a5 12. Rd1 a4 13. Bf4 Qa5 14. Qxa5 Rxa5 15.
Bc7 Ra6 16. Ne5 Bxg2 17. Kxg2 d5 18. cxd5 exd5 19. Bxb8 Rxb8 20. Nd3 Rb5 21.
Rac1 Rc6 22. Rc2 g5 23. e3 Kf8 24. Ne5 Rcb6 25. Nd3 Rc6 26. Ne5 Rcb6 27. Nd3
1/2-1/2

[Event "Abierto Int. UNAM"]
[Site "Mexico MEX"]
[Date "2012.11.23"]
[Round "4"]
[White "Schaffenburg Ruiz, Federico"]
[Black "Hambleton, Aman"]
[Result "0-1"]
[WhiteElo "2116"]
[BlackElo "2404"]
[PlyCount "65"]
[EventDate "2012.11.21"]
[EventType "swiss"]
[EventRounds "9"]
[EventCountry "MEX"]

1. e4 e6 2. d4 d5 3. Nd2 h6 4. Bd3 c5 5. dxc5 Bxc5 6. Ngf3 Ne7 7. Qe2 Nbc6 8.
Nb3 Bb6 9. c3 O-O 10. O-O Ng6 11. Be3 Bc7 12. Rad1 Qf6 13. Nbd4 Nf4 14. Bxf4
Qxf4 15. g3 Qf6 16. Kg2 Bd7 17. Bc2 Rad8 18. Nxc6 bxc6 19. e5 Qe7 20. Qd3 f5
21. Rfe1 Rb8 22. b4 a5 23. a3 c5 24. bxc5 Qxc5 25. c4 Bb6 26. Re2 Bc6 27. Bb3
Ba7 28. Ba2 Rfd8 29. cxd5 Bxd5 30. Bxd5 Rxd5 31. Qa6 Rxd1 32. Qxe6+ Kh8 33. Ng1
0-1

[Event "Abierto Int. UNAM"]
[Site "Mexico MEX"]
[Date "2012.11.23"]
[Round "5"]
[White "Hambleton, Aman"]
[Black "Gonzalez Zamora, Juan Carlos"]
[Result "1-0"]
[WhiteElo "2404"]
[BlackElo "2542"]
[PlyCount "165"]
[EventDate "2012.11.21"]
[EventType "swiss"]
[EventRounds "9"]
[EventCountry "MEX"]

1. d4 f5 2. Nc3 Nf6 3. Bg5 d5 4. Bxf6 exf6 5. e3 Be6 6. Bd3 g6 7. Nge2 c6 8. h4
h5 9. Nf4 Bf7 10. Qd2 Nd7 11. Nce2 Nb6 12. b3 Bd6 13. O-O Rg8 14. a4 a6 15.
Rfc1 Nc8 16. c4 Ne7 17. b4 g5 18. Nh3 Qd7 19. c5 Bc7 20. Kf1 f4 21. exf4 gxh4
22. Neg1 Be6 23. Re1 Kf7 24. Ra3 Bg4 25. Bc2 Nf5 26. Nf3 a5 27. Bxf5 Bxf5 28.
Nxh4 Rae8 29. Nxf5 Qxf5 30. bxa5 Rxe1+ 31. Qxe1 Qe4 32. Qxe4 dxe4 33. f5 Rd8
34. Rb3 Bxa5 35. Rxb7+ Ke8 36. Ke2 Rxd4 37. Nf4 Rxa4 38. Nxh5 Bc3 39. Ng7+ Kf8
40. Ne6+ Ke8 41. Ke3 Be5 42. Rg7 Bb2 43. Rg4 Bc1+ 44. Ke2 Kd7 45. Kd1 Bb2 46.
Kc2 Be5 47. Kb3 e3 48. Rg7+ Kc8 49. fxe3 Re4 50. g4 Rxe3+ 51. Ka4 Re1 52. Ka5
Rb1 53. Ka6 Rb4 54. Rg8+ Kd7 55. Rd8+ Ke7 56. Rd3 Rb8 57. Ka7 Rb5 58. Ra3 Kd7
59. Ra6 Bc7 60. Ra3 Be5 61. Rd3+ Ke7 62. Ka6 Rb8 63. Re3 Bb2 64. Nf4+ Kd7 65.
Rd3+ Ke8 66. Rd6 Be5 67. Re6+ Kd7 68. Ng6 Bc7 69. Rxf6 Rb5 70. Rf7+ Kd8 71. Nf8
Kc8 72. Rxc7+ Kxc7 73. g5 Kd8 74. f6 Ke8 75. Ne6 Kf7 76. Nd8+ Kg6 77. f7 Kg7
78. g6 Rxc5 79. Ne6+ Kxg6 80. f8=Q Re5 81. Qg7+ Kf5 82. Nd4+ Ke4 83. Nxc6 1-0